00569 a2200181 4500022001400000050002300014100002600037245007500063264003900138300001300177500003000190650004700220700002300267700002400290700002200314700002700336700002400363 a0038-2396 aKTL19.A35 SOU 1996 aFisher, D. S.eeditor aSouth African law reports:b1996 (3) June /cDavid S. Fisher et al.... aCapa Town:bJuta & Company,c1996. a1152p. : aSouth African Law Reports aLaw reports, digests, etc. -- South Africa aHanmer, N.eeditor aPienaar, G.eeditor aEvans, J.eeditor aVan Coller, K.eeditor aBedwell, G.eeditor